Hamburger SV Squad - 2023/24 - Statistics

General Stats
  • This quiz has been taken 71 times
  • The average score is 16 of 30
Answer Stats
Players % Correct
Robert Glatzel
100%
Daniel Heuer Fernandes
98%
Sebastian Schonlau
98%
Ludovit Reis
93%
Bakery Jatta
89%
Matheo Raab
89%
Jean-Luc Dompe
86%
Miro Muheim
84%
Tom Mickel
82%
Jonas Meffert
77%
Laszlo Benes
75%
Ransford Königsdörffer
70%
Dennis Hadzikadunic
57%
William Mikelbrencis
50%
Andras Nemeth
48%
Immanuel Pherai
48%
Guilherme Ramos
41%
Moritz Heyer
41%
Lukasz Poreba
39%
Levin Öztunali
36%
Stephan Ambrosius
36%
Anssi Suhonen
34%
Ignace Van der Brempt
32%
Noah Katterbach
32%
Tom Sanne
32%
Mario Vuskovic
27%
Nicolas Oliveira
25%
Elijah Krahn
14%
Masaya Okugawa
9%
Omar Megeed
7%
No matching quizzes found
Score Distribution
Percent of People with Each Score
Percentile by Number Answered
Your Score History
You have not taken this quiz